Представление документа в формате MARC21

Поле Инд. ПП Название Значение
Тип записи a
Библиографический уровень a
001 Контрольный номер ce80ca94c3264ccc9ca22b5f1faa27ce
005 Дата корректировки 20220927084353.6
040 a Служба первич. каталог. НБ ТвГУ
b Код языка каталог. rus
e Правила каталог. PSBO
041 0_ a Код языка текста rus
097 b Оператор Komarova.ES
100 1_ a Автор Иванова Н. Г.
245 10 a Заглавие Некоторые закономерности распределения растительности на реках Калининской области
260 a Место издания Калинин
b Издательство Калининский государственный университет
504 a Библиография Библиогр.: с. 105 (4 назв.)
520 0_ a Аннотация Статья посвящена некоторым закономерностям распределения растительности на реках Калининской области.
653 0_ a Ключевые слова Дарвинский заповедник
a Ключевые слова Биогеоценоз
a Ключевые слова Растительность
a Ключевые слова Малые реки
a Ключевые слова Устья
a Ключевые слова Речная сеть
773 18 w Контрольный № источника RU/IS/BASE/448384506
t Название источника Флора и растительность южной тайги
d Место и дата издания Калинин : Калининский государственный университет, 1988
g Прочая информация С. 98-105
901 t Тип документа a
920 a Оператор Кома
954 b Дата поступления в ОК 20220927